• 首页
  • 本馆介绍
  • 公告通知
  • 最新文献
  • 馆藏检索
  • 电子资源
  • 读者荐购
  • 参考咨询
  • CALIS
  • 我的图书馆
  • 登录
  • 详细信息显示
  • 放入我的书架
  • 预约/预借图书
  • 作者相关作品
  • 分类相关作品
  • 丛书相关作品
  • 出版社相关作品

书目信息

  • 表格格式
  • 工作单格式
  • 卡片格式
题名:
建筑测量学
    
 
作者: 杨德麟 , 高飞 编著
分册:  
出版信息: 北京   测绘出版社  1999.11
页数: 198页
开本: 16开
丛书名:
单 册:
中图分类: TU198-43
科图分类:
主题词: 建筑测量 , 建筑测量--建筑制图
电子资源:
ISBN: 7-5030-0914-4
 
 
 
 
 
000 00616nam0 2200217 45
001 0011160988
005 20010611163010.9
010    @a7-5030-0914-4@d13.80元
100    @a20001116d1999 km y0chiy0120 ea
101 0  @achi
105    @a z 000yy
200 1  @a建筑测量学@AJian Zhu Ce Liang Xue@f杨德麟,高飞编著@FYang De Lin,Gao Fei Bian Zhu
210    @a北京@c测绘出版社@d1999.11
215    @a198页@d16开
606 0  @a建筑测量
606 0  @a建筑测量@x建筑制图
690    @aTU198-43@v3
701  0 @a杨德麟@4编著
701  0 @a高飞@4编著
801    @aCN@bPftUser@c20001116
905    @dTU198-43@eY446@f20@b346488-507
    
    建筑测量学/杨德麟,高飞编著.-北京:测绘出版社,1999.11
    198页;16开
    
    
    ISBN 7-5030-0914-4:13.80元
    
●
相关链接 在E读中查询图书 在当当中查询图书 在豆瓣中查询图书


正题名:建筑测量学     索取号:TU198-43/Y446         预约/预借

序号 登录号 条形码 馆藏地/架位号 状态 备注
1 346488   203464884   自科二线404/404自科库 11排5列1层/ [索取号:TU198-43/Y446] 在馆    
2 346489   203464893   建筑库101/101建筑库 29排2列4层/ [索取号:TU198-43/Y446] 在馆    
3 346490   203464900   自科二线404/404自科库 11排5列1层/ [索取号:TU198-43/Y446] 在馆    
4 346491   203464919   自科二线404/404自科库 11排5列1层/ [索取号:TU198-43/Y446] 在馆    
5 346492   203464928   自科二线404/404自科库 11排5列1层/ [索取号:TU198-43/Y446] 在馆    
6 346493   203464937   自科二线404/404自科库 11排5列1层/ [索取号:TU198-43/Y446] 在馆    
7 346494   203464946   自科二线404/404自科库 11排5列1层/ [索取号:TU198-43/Y446] 在馆    
8 346495   203464955   自科二线404/404自科库 11排5列1层/ [索取号:TU198-43/Y446] 在馆    
9 346496   203464964   建筑库101/101建筑库 29排2列4层/ [索取号:TU198-43/Y446] 在馆    
10 346497   203464973   自科二线404/404自科库 11排5列1层/ [索取号:TU198-43/Y446] 在馆    
11 346498   203464982   自科二线404/404自科库 11排5列1层/ [索取号:TU198-43/Y446] 在馆    
12 346499   203464991   自科二线404/404自科库 11排5列1层/ [索取号:TU198-43/Y446] 在馆    
13 346500   203465008   自科二线404/404自科库 11排5列1层/ [索取号:TU198-43/Y446] 在馆    
14 346501   203465017   自科二线404/404自科库 11排5列1层/ [索取号:TU198-43/Y446] 在馆    
15 346502   203465026   建筑库101/101建筑库 29排2列4层/ [索取号:TU198-43/Y446] 在馆    
16 346503   203465035   自科二线404/404自科库 11排5列1层/ [索取号:TU198-43/Y446] 在馆    
17 346504   203465044   自科二线404/404自科库 11排5列1层/ [索取号:TU198-43/Y446] 在馆    
18 346505   203465053   自科二线404/404自科库 11排5列1层/ [索取号:TU198-43/Y446] 在馆    
19 346506   203465062   自科二线404/404自科库 11排5列1层/ [索取号:TU198-43/Y446] 在馆    
20 346507   203465071   自科二线404/404自科库 11排5列1层/ [索取号:TU198-43/Y446] 在馆    
河南城建学院图书馆 欢迎您!
大连网信软件有限公司© 版权所有